000 00447nam a2200145Ia 4500
008 090122s9999 xx 000 0 und d
082 _b6220
_a613
100 _aकोल्हटकर
_bवर्षा
_cडॉ
245 _aसौंदर्य योग
600 _aकोल्हटकर
630 _aसौंदर्य योग
700 _aकोल्हटकर
730 _aसौंदर्य योग
942 _cBOOK
999 _c30297
_d30297